Statistics for Three largest cities by country: East Asia

Click here to take the quiz!

General Stats

  • This quiz has been taken 268 times
    (209 since last reset)
  • The average score is 35 of 67

Answer Stats

Country City Population % Correct
JapanTokyo37,800,000
98%
IndiaDelhi21,753,486
98%
PhilippinesManila11,855,975
97%
BangladeshDhaka8,906,000
96%
ChinaShanghai34,000,000
96%
China-3Beijing24,900,000
96%
ThailandBangkok14,565,547
96%
IndonesiaJakarta30,214,303
96%
TaiwanTaipei7,021,482
96%
India-1Mumbai18,414,288
96%
South KoreaSeoul25,620,000
95%
MalaysiaKuala Lumpur7,200,000
95%
Vietnam-2Hanoi7,587,800
95%
Japan-3Osaka19,341,976
94%
VietnamHo Chi Minh City8,224,400
94%
North KoreaPyongyang2,581,076
93%
SingaporeSingapore5,535,000
93%
MongoliaUlaanbaatar1,372,000
92%
China-1Guangzhou23,900,000
91%
Sri LankaColombo5,648,000
91%
NepalKathmandu975,453
90%
CambodiaPhnom Penh1,501,725
88%
India-2Kolkata14,112,536
86%
MaldivesMalé153,379
85%
South Korea-2Busan8,202,239
84%
LaosVientiane783,000
81%
Timor-LesteDili234,331
80%
Myanmar (Burma)Yangon5,998,000
80%
BhutanThimphu91,000
80%
BruneiBandar Seri Begawan279,924
78%
JapanNagoya9,107,414
74%
Bangladesh-2Chittagong4,009,423
67%
Myanmar (Burma)-3Naypyidaw924,608
65%
Indonesia-3Bandung6,965,655
62%
Indonesia-2Surabaya7,302,283
62%
South Korea-3Incheon2,966,216
58%
Philippines-2Cebu City2,551,100
56%
Myanmar (Burma)-2Mandalay1,022,487
47%
Philippines-3Davao2,262,518
44%
Malaysia-3George Town2,500,000
35%
Taiwan-2Kaohsiung2,778,729
32%
Cambodia-3Siem Reap174,265
24%
Taiwan-3Taichung2,746,112
23%
Vietnam-3Haiphong1,976,000
20%
Sri Lanka-2Kandy125,400
16%
North Korea-2Hamhung768,551
14%
Sri Lanka-3Jaffna88,138
11%
Nepal-2Pokhara313,841
9%
Bangladesh-3Khulna663,342
9%
Mongolia-2Erdenet83,379
7%
Cambodia-2Battambang180,853
7%
Thailand-3Nonthaburi270,609
7%
Brunei-3Seria30,097
6%
Laos-2Pakse87,000
6%
Thailand-2Nakhon Ratchasima174,332
5%
North Korea-3Chongjin627,000
5%
Brunei-2Kuala Belait70,000
4%
Bhutan-2Punakha13,837
4%
Mongolia-3Darkhan74,300
3%
Laos-3Savannakhet120,000
3%
Timor-Leste-2Same7,413
2%
Maldives-3Hithadhoo969
2%
Nepal-3Patan226,728
2%
Maldives-2Fuvahmulah12,380
2%
Malaysia-2Seberang Perai818,197
1%
Timor-Leste-3Maliana12,220
1%
Bhutan-3Tsirang21,517
0%

Score Distribution

Percentile by Number Answered

Percent of People with Each Score

Your Score History

You have not taken this quiz since the last reset